Vybrané otázky práva ve vnějších ekonomických vztazích zákazkové vztahy

Saved in:
Bibliographic Details
Main Author: Švarc, Zbyněk
Corporate Author: Vysoká škola ekonomická v Praze. Obchodní fakulta
Format: Book
Language:Czech
Published: Praha Státní pedagogické nakladatelství 1984
Tags: Add Tag
No Tags, Be the first to tag this record!

MARC

LEADER 00000nam a2200000 4500
001 c107037
005 20190425100054.9
041 0 |a cze 
044 |a CZ 
245 1 0 |a Vybrané otázky práva ve vnějších ekonomických vztazích  |b zákazkové vztahy  |c Zbyněk Švarc 
264 1 |a Praha  |b Státní pedagogické nakladatelství  |c 1984 
300 |a 189 s. 
100 1 |a Švarc, Zbyněk 
710 2 |a Vysoká škola ekonomická v Praze. Obchodní fakulta